| 000 | 00879cam a2200265 4500 | ||
|---|---|---|---|
| 001 | 8193 | ||
| 005 | 20181127185337.0 | ||
| 008 | 000517s2000 at a bf 001 0 eng | ||
| 020 |
_a9780980476453 _c _z |
||
| 245 | 0 | 0 |
_aTherapeutic guidelines : _brespiratory. |
| 246 | 1 | 4 | _aTherapeutic guidelines respiratory |
| 250 | _aVersion 2. | ||
| 260 |
_aNorth Melbourne, Vic. : _bTherapeutic Guidelines Ltd., _c2009. |
||
| 300 |
_axii, 228 p. : _bill. |
||
| 336 |
_atext _btxt _2rdacontent |
||
| 337 |
_aunmediated _bn _2rdamedia |
||
| 338 |
_avolume _bnc _2rdacarrier |
||
| 500 | _a""ISSN 1441-516X""--Cover p. [4]. | ||
| 504 | _aIncludes bibliographical references and index. | ||
| 650 | 1 | 2 |
_aRespiratory Tract Diseases _xdrug therapy _0 |
| 655 | 2 |
_aHandbooks _0 |
|
| 655 | 2 |
_aPractice Guideline _0 |
|
| 710 | 2 | _aTherapeutic Guidelines Limited. | |
| 999 |
_c7066 _d7066 |
||